RAPID MEDICINE REVISION MCQS IN INTERNAL MEDICINE. (Record no. 216955)

MARC details
000 -LEADER
fixed length control field 00536nam a22001817a 4500
008 - FIXED-LENGTH DATA ELEMENTS--GENERAL INFORMATION
fixed length control field 260414b |||||||| |||| 00| 0 eng d
020 ## - INTERNATIONAL STANDARD BOOK NUMBER
International Standard Book Number 81-8061-868-4
050 ## - LIBRARY OF CONGRESS CALL NUMBER
Classification number RC 46 .B43 2006 C.1
100 ## - MAIN ENTRY--PERSONAL NAME
Personal name BHAT, SMITHA
245 ## - TITLE STATEMENT
Title RAPID MEDICINE REVISION MCQS IN INTERNAL MEDICINE.
250 ## - EDITION STATEMENT
Edition statement 16TH
260 ## - PUBLICATION, DISTRIBUTION, ETC.
Place of publication, distribution, etc. NEW DELHI,
Name of publisher, distributor, etc. JAYPEE BROTHERS MEDICAL PUBLISHERS(P) LTD,
Date of publication, distribution, etc. 2006.
300 ## - PHYSICAL DESCRIPTION
Extent 226 P,
650 ## - SUBJECT ADDED ENTRY
Topical term or geographic name entry element CLINICAL MEDICINE EXAMINATIONS, ANSWERS.
700 ## - ADDED ENTRY--PERSONAL NAME
Personal name SHETTY, SHIRAN
942 ## - ADDED ENTRY ELEMENTS (KOHA)
Source of classification or shelving scheme Library of Congress Classification
Koha item type Long Loan Book
Holdings
Withdrawn status Lost status Source of classification or shelving scheme Damaged status Not for loan Collection Home library Current library Shelving location Date acquired Inventory number Total checkouts Full call number Barcode Date last seen Copy number Price effective from Koha item type
    Library of Congress Classification     Medicine Kisii University Library Kisii University Library On Display 04/14/2026 112874   RC 46 .B43 2006 a001520 04/14/2026 1 04/14/2026 Long Loan Book
    Library of Congress Classification     Medicine Kisii University Library Kisii University Library On Display 04/14/2026 112875   RC 46 .B43 2006 a001519 04/14/2026 2 04/14/2026 Long Loan Book
    Library of Congress Classification     Medicine Kisii University Library Kisii University Library On Display 04/14/2026 112876   RC 46 .B43 2006 a001518 04/14/2026 3 04/14/2026 Long Loan Book
    Library of Congress Classification     Medicine Kisii University Library Kisii University Library On Display 04/14/2026 112876   RC 46 .B43 2006 a001522 04/14/2026 3 04/14/2026 Long Loan Book